000 00762nam a2200253Ia 4500
003 OSt
005 20220918164555.0
006 a|||||r|||| 00| 0
007 ta
008 220917b |||||||| |||| 00| 0 eng d
020 _a0691060436
024 _a64,569
037 _cTextual
040 _aARTS
_cARTS
_beng
041 _2eng
_aeng
082 _aO111,2J64:g(Y1:356), K3;L2
100 _aBarber C L.
_919515
245 0 _aShakespeare's festive comedy
_b A study of dramatic from and its relation to social custom
260 _aPrinceton
_bPrinceton Univ Press
_c1972
300 _ax, 266p.
_ccm.
650 _aENGLISH LITERATURE
942 _hO111,2J64:g(Y1:356), K3;L2
_cTEXL
_2CC
999 _c125379
_d125379